000 00357nam a2200157Ia 4500
008 230312s9999||||xx |||||||||||||| ||und||
020 _a0-7897-0894-9
082 _a005.2
_bBAL-U
100 _aRaghuram Bala
245 0 _aUsing Optima++ 1.5
260 _bQUE
_aUSA
_c1996
300 _a634
546 _aEng.
650 _aComputer
_vOptima ++
942 _cBK
999 _c3086
_d3086